000 00651nam a22002297a 4500
003 UA-OsUOA
001 108771
007 ta
008 20141110b un ||||| |||| 00| 0 ukr d
090 _a82.09(410)
_bШ41
942 _cBK
040 _aUA-OsUOA
_bukr
_cUA-OsUOA
_dUA-OsUOA
245 _aШекспірівський дискурс
_bзбірник
_cгол. ред. Н. М. Торкут
300 _a294 с.
955 _a1
041 _aukr
080 _a82.09(410)
260 _aЗапоріжжя
_bКПУ
_c2010
250 _nвип. 1
650 7 _a82 Література. Літературознавство
_2UDC
999 _c394604
_d394604